000 00325 a2200133 4500
001 155573
040 _cEscola São Tomás de Aquino
100 _aJÚLIO, Silvana Rossi
240 1 0 _aAprender juntos português
_lpor
245 1 0 _aAprender juntos português
362 0 _a2006
697 _aLíngua portuguesa
942 _cBK
999 _c155573
_d155573